YouTube True or False Quiz - Statistics

General Stats
  • This quiz has been taken 76 times
  • The average score is 7 of 15
Answer Stats
Question Answer % Correct
The most viewed type of video are music related ones. True
73%
A version of Baby Shark is the most viewed video ever. True
64%
Pewdiepie has the most subscribers. False
55%
MoreJStu had somewhere in the 5 million subscribers range for all of 2020. True
55%
In 2028 MrBeast will have the most subscribers. True
55%
Collins Key was on America's Got Talent. True
55%
Jeff Goldblum has been in a Dude Perfect video. True
55%
FaZeRug has collaborated with Unspeakable. True
55%
Dude Perfect has at least 70 million subscribers. False
45%
Zack King is better known as ZHC. False
45%
MrBeast has a channel called MrBeast's rEVieWs. False
45%
The most viewed video in Unspeakable's library has about 50-60 million views. True
45%
T-Series has the most subscribers ever. True
27%
What does Brian Hull and Black Grph0n do voice impressions for videos mainly. True
27%
PrestonPlayz's wife is named Brittany. False
18%
No matching quizzes found
Score Distribution
Percent of People with Each Score
Percentile by Number Answered
Your Score History
You have not taken this quiz